World Leaders on 9/11 - Statistics

General Stats
  • This quiz has been taken 90 times
  • The average score is 4 of 10
Answer Stats
Hint Answer % Correct
US George W Bush
100%
Russia Vladimir Putin
78%
UK Tony Blair
60%
Germany Gerhard Schroder
33%
France Jacques Chirac
30%
Italy Silvio Berlusconi
28%
Canada Jean Chretien
16%
Australia John Howard
16%
Spain Jose Maria Aznar
10%
India Atal Bihari Vajpayee
4%
No matching quizzes found
Score Distribution
Percent of People with Each Score
Percentile by Number Answered
Your Score History
You have not taken this quiz